00835nam a2200229 a 4500001000900000005001700009008004100026020001500067041000800082044000700090050002200097100002000119245014400139260002400283300004200307440003500349500012000384504002700504650001500531700003100546700002800577BRCA_42820190320203015.0951006s1990 sp-a---##b---#001-0#spa-d a8476300530 aspa asp 4aNK3780b.R25 19901 aRada, Pravoslav10aLas técnicas de la cerámicabel arte y la prácticacPravoslav Rada ; traducción Ma. Isabel Giménez Rayo y Enggracia Lorenzo Rego. aMadridbLibsac1990 a206 p.bil. (algunas a color)c30 cm. 0aColección Técnicas de arte aIncluye índice de láminas a color, índice de ilustraciones en blanco y negro e índice de figuras y glosario aBibliografía: p. 19714aCerámica1 aGiménez Rayo, Ma. Isabel1 aLorenzo Rego, Enggracia